Diccionario de términos históricos y afines / Frederic Chordà, Teodoro Martín, Isabel Rivero
Descripción Física:
331 p. ; 18 cm
Colección:
Fundamentos ; 81
Materias:
Història -- Terminologia -- Diccionaris
MARC
| LEADER | 00000nam a2200000Ia 4500 | ||
|---|---|---|---|
| 001 | 1691 | ||
| 008 | 160829s9999 xx 000 0 cat d | ||
| 080 | |a H-1-220 | ||
| 100 | |a Chordà, Frederic |9 25793 | ||
| 245 | |a Diccionario de términos históricos y afines / Frederic Chordà, Teodoro Martín, Isabel Rivero | ||
| 260 | |a Madrid : |b Istmo, DL 1983 | ||
| 300 | |a 331 p. ; |c 18 cm | ||
| 490 | |a Fundamentos ; 81 | ||
| 650 | |a Història |x Terminologia |x Diccionaris |9 25794 | ||
| 700 | |a Martín, Teodoro |9 25795 | ||
| 700 | |a Rivero, Isabel |9 25796 | ||
| 901 | |a Arxiu | ||
| 942 | |n 1 | ||
| 952 | |0 0 |1 0 |4 0 |6 H1220 |7 1 |9 43798 |a Arxiu |b Arxiu |d 2016-12-01 |l 0 |o H-1-220 |p 1691 |r 2016-12-01 00:00:00 |w 2016-12-01 |y ARXIU | ||
| 999 | |c 46346 |d 46346 | ||